Inside China 4: The New Entrepreneurs.

China's "new billionaires" are well-known but what about the small businesses? Many were set up by migrants who have battled against hardship - and many are women. THE PR BUSINESS 24 year old Tian Qiuyu started her business while she was still at university and now employs 6 people -...

Full description

Bibliographic Details
Corporate Author: Kanopy (Firm)
Format: Video
Language:Undetermined
Language Notes:In English
Published: [San Francisco, California, USA] : Kanopy Streaming, 2015.
Subjects:
Online Access:Connect to this streaming video

MARC

Tag First Indicator Second Indicator Subfields
LEADER 00000cgm a2200000za 4500
001 in00003590421
006 m o c
007 vz uzazuu
007 cr una---unuuu
008 150908p20152014cau023 o vlund d
005 20260324170643.1
028 5 2 |a 1107644  |b Kanopy 
035 |a (CaSfKAN)kan1107644 
040 |a VDU  |b eng  |c VDU  |d UtOrBLW 
245 0 0 |a Inside China 4: The New Entrepreneurs. 
264 1 |a [San Francisco, California, USA] :  |b Kanopy Streaming,  |c 2015. 
300 |a 1 online resource (streaming video file) 
306 |a Duration: 23 minutes 
336 |a two-dimensional moving image  |b tdi  |2 rdacontent 
337 |a computer  |b c  |2 rdamedia 
338 |a online resource  |b cr  |2 rdacarrier 
500 |a Title from title frames. 
518 |a Originally produced by TV Choice in 2014. 
520 |a China's "new billionaires" are well-known but what about the small businesses? Many were set up by migrants who have battled against hardship - and many are women. THE PR BUSINESS 24 year old Tian Qiuyu started her business while she was still at university and now employs 6 people - but she never forgets her roots in a poor, remote village area where education was a fight against the odds. She wants to help educate other young people from the country. "They shouldn't just accept their fate. I didn't." THE BEAUTY SALON Yu Xinpei is also the daughter of poor farmers, but now owns two beauty parlours and employs 60 people. She now mixes with Shanghai's other young high-flyers whom she is keen to learn from. But for most migrants, earning a living is a hard struggle. Mrs Zhang set up a small retail business with her husband - with the heartbreak of leaving her children behind. Key Topics Covered: Chinese business case studies The Chinese economic miracle Women in business Small businesses in China 
538 |a Mode of access: World Wide Web. 
546 |a In English 
500 |a Electronic resource. 
653 |a Asian and Middle Eastern Studies 
653 |a Economics and Globalization 
655 7 |a Nonfiction films.  |2 lcgft  |0 http://id.loc.gov/authorities/genreForms/gf2011026423 
655 7 |a Internet videos.  |2 lcgft  |0 http://id.loc.gov/authorities/genreForms/gf2011026337 
710 2 |a Kanopy (Firm)  |0 http://id.loc.gov/authorities/names/no2014091415 
856 4 0 |u http://proxy.library.tamu.edu/login?url=https://texasam.kanopystreaming.com/node/107645  |z Connect to this streaming video  |t 0 
999 f f |s a8d2988a-32f8-391e-a0f1-c8baa9b8fb32  |i 4fecdf5d-c8e8-359e-a8a1-62ba58510f06  |t 0 
952 f f |a Texas A&M University  |b College Station  |c Electronic Resources  |s www_evans  |d Available Online  |t 0  |h No information provided 
998 f f |t 0  |l Available Online